Statistics for Music Decoder #3

Click here to take the quiz!

General Stats

  • This quiz has been taken 45 times
  • The average score is 11 of 22

Answer Stats

ClueAnswer% Correct
MHe'd do anything for love… but he won't do that Meat Loaf
81%
HPioneering figure of mid-1950s rock and roll who died in a plane crash aged 22 Holly, Buddy
78%
HGwen Stefani claims she ain't one of these Hollaback Girl
69%
NHip hop group whose line-up included Ice Cube, Eazy-E and Dr. Dre N.W.A.
69%
IGloria Gaynor was certain she would not perish in this 1978 song I Will Survive
67%
DR&B group whose singles include "Bills, Bills, Bills" and "Say My Name"Destiny's Child
64%
KSinger and classically trained pianist who believes New York will inspire you Keys, Alicia
58%
TScottish pop rock group or American state Texas
58%
AThe Sex Pistols' debut single, released in 1976 Anarchy In The UK
56%
FSong by George Michael, from his 1987 debut solo album of the same nameFaith
56%
ERapper whose singles include "Get Ur Freak On" and "Work It""Elliott, Missy
53%
OFlorida death metal band formed in the 1980's or notice of a person's death Obituary
47%
OMichael Jackson's 1979 album which included "Don't Stop 'Til You Get Enough" Off The Wall
44%
SElvis believed he couldn't go on with these in 1969 Suspicious Minds
42%
The Dark Side Of The Moon
42%
TKaty Perry felt like she was living this in 2010 Teenage Dream
36%
Pink Floyd
33%
EAmericna R&B/pop vocal group whose name translates as 'fashionable' En Vogue
31%
R1984 Metallica album or phrase referring to execution by electric chair Ride The Lightning
31%
D1995 drama movie that featured Coolio's "Gangsta's Paradise"Dangerous Minds
28%
O2004 Kaiser Chiefs hit or general expression of surprise Oh My God
17%
E1999 hit from Placebo, taken from their second album "Without You I'm Nothing" Every You Every Me
14%

Score Distribution

Percentile by Number Answered

Percent of People with Each Score

Your Score History

You have not taken this quiz